| 000 | 00433 a2200157 4500 | ||
|---|---|---|---|
| 003 | Nust | ||
| 005 | 20170207165509.0 | ||
| 040 | _cNust | ||
| 082 | _a005.1 | ||
| 100 | _aRehman, Aniqa BESE-16 | ||
| 245 |
_aAndroid Application for Autism (Beyond Words) (Hard / Soft-copy) _cAniqa Rehman, Masooma Fayyaz, Tamkeen Khan BESE-16 |
||
| 260 |
_aMCS _bRawalpindi _c2014 |
||
| 300 | _axv, 147 p | ||
| 650 | _aUG Projects | ||
| 651 | _aUG CSE Project | ||
| 942 | _cPRG | ||
| 999 |
_c212203 _d212203 |
||